<?xml version="1.0" encoding="UTF-8"?>
<collection xmlns="http://www.loc.gov/MARC21/slim">
 <record>
  <leader>01465nam a2200313   4500</leader>
  <controlfield tag="001">DLU190193659</controlfield>
  <controlfield tag="005">##20191126</controlfield>
  <datafield tag="020" ind1="#" ind2="#">
   <subfield code="a">9786049225444</subfield>
  </datafield>
  <datafield tag="040" ind1="#" ind2="#">
   <subfield code="a">DLU</subfield>
   <subfield code="b">vie</subfield>
  </datafield>
  <datafield tag="041" ind1="#" ind2="#">
   <subfield code="a">vie</subfield>
  </datafield>
  <datafield tag="044" ind1="#" ind2="#">
   <subfield code="a">vn</subfield>
  </datafield>
  <datafield tag="082" ind1="#" ind2="#">
   <subfield code="a">343.034</subfield>
   <subfield code="b">Huo</subfield>
  </datafield>
  <datafield tag="245" ind1="#" ind2="#">
   <subfield code="a">Hướng dẫn xây dựng dự toán ngân sách nhà nước năm 2018 và kế hoạch tài chính - ngân sách nhà nước 03 năm 2018 - 2020 /</subfield>
   <subfield code="c">Tường Vy hệ thống.</subfield>
  </datafield>
  <datafield tag="260" ind1="#" ind2="#">
   <subfield code="a">Tp. Hồ Chí Minh :</subfield>
   <subfield code="b">Kinh tế,</subfield>
   <subfield code="c">2017.</subfield>
  </datafield>
  <datafield tag="300" ind1="#" ind2="#">
   <subfield code="a">399 tr. ;</subfield>
   <subfield code="c">28 cm.</subfield>
  </datafield>
  <datafield tag="505" ind1="#" ind2="#">
   <subfield code="a">Phần thứ nhất. Hướng dẫn xây dựng dự toán ngân sách nhà nước năm 2018 và kế hoạch tài chính - ngân sách nhà nước 03 năm 2018 - 2020 -- Phần thứ hai. Quy trình kiểm toán ngân sách trung ương và ngân sách địa phương -- Phần thứ ba. Quy định mới về mua sắm, quản lý, sử dụng tài sản trong cơ quan nhà nước -- Phần thứ tư. Chế độ quản lý, sử dụng và trích khấu hao tài sản cố định -- Phần thứ năm. Quy định chi tiết một số điều của luật kế toán.</subfield>
  </datafield>
  <datafield tag="650" ind1="#" ind2="#">
   <subfield code="a">Ngân sách</subfield>
   <subfield code="x">Luật và pháp chế</subfield>
   <subfield code="z">Việt Nam.</subfield>
  </datafield>
  <datafield tag="700" ind1="#" ind2="#">
   <subfield code="a">Tường Vy,</subfield>
   <subfield code="e">hệ thống.</subfield>
  </datafield>
  <datafield tag="923" ind1="#" ind2="#">
   <subfield code="a">07/2019</subfield>
  </datafield>
  <datafield tag="991" ind1="#" ind2="#">
   <subfield code="a">SH</subfield>
  </datafield>
  <datafield tag="992" ind1="#" ind2="#">
   <subfield code="a">350000</subfield>
  </datafield>
  <datafield tag="994" ind1="#" ind2="#">
   <subfield code="a">DLU</subfield>
  </datafield>
  <datafield tag="900" ind1="#" ind2="#">
   <subfield code="a">True</subfield>
  </datafield>
  <datafield tag="911" ind1="#" ind2="#">
   <subfield code="a">Nguyễn Thanh Hương</subfield>
  </datafield>
  <datafield tag="925" ind1="#" ind2="#">
   <subfield code="a">G</subfield>
  </datafield>
  <datafield tag="926" ind1="#" ind2="#">
   <subfield code="a">A</subfield>
  </datafield>
  <datafield tag="927" ind1="#" ind2="#">
   <subfield code="a">SH</subfield>
  </datafield>
  <datafield tag="980" ind1="#" ind2="#">
   <subfield code="a">Thư viện Trường Đại học Đà Lạt</subfield>
  </datafield>
 </record>
</collection>
